zpět

Detail výsledku týmu

Duncan bar, Kladno

Datum a čas kvízu

12.5 Celkem bodů Celkový počet nahraných bodů na tomto kvízu bez doplňovacích otázek.
4. Pořadí na kvízu Konečné umístění týmu na tomto kvízu.

Zaznamenané odpovědi

# Otázka Odpověď Body Výsledky
1. Minulý týden obletěla Facebook... 0
2. Odškodné ve výši v přepočtu 37... 0
3. Budapešťské kulturní akci, kte... 0
4. Rozhodnutí amerického preziden... 0.5
5. Česká tenistka po sérii neúspě... 0.5
6. V roce 2015 vypustily japonské... 1
7. Napište podtitul druhého dílu... 0
8. Humanoidní robot, který má pod... 0
9. Mezi roboty můžeme svým způsob... 0
10. Nesmíme opomenout Karla Čapka... 0